[Event "Panagiotis Apergis op"]
[Site "Ano Liosia"]
[Date "2007.04.24"]
[Round "1"]
[White "Stavropoulos, Sotiris"]
[Black "Sideris, Theodoros"]
[Result "0-1"]
[WhiteElo "1410"]
[BlackElo "2090"]
[PlyCount "80"]
[EventDate "2007.04.24"]
[EventType "swiss"]
[EventRounds "7"]
[EventCountry "GRE"]
[SourceTitle "EXT 2008"]
[Source "ChessBase"]
[SourceDate "2007.11.25"]
[SourceVersion "1"]
[SourceVersionDate "2007.11.25"]
[SourceQuality "1"]

1. d4 d5 2. c4 e6 3. Nc3 c6 4. Nf3 dxc4 5. e4 b5 6. a3 Bb7 7. Be2 Nf6 8. e5 Nd5 9. Nxd5 Qxd5 10. 0-0 c5 11. Be3 cxd4 12. Qxd4 Qxd4 13. Nxd4 a6 14. Rad1 Be7 15. f4 Nd7 16. Bf3 Bxf3 17. Nxf3 Bc5 18. Nd4 Nb6 19. Nc2 Bxe3+ 20. Nxe3 Rd8 21. Rxd8+ Kxd8 22. Rd1+ Kc7 23. Rd6 Rd8 24. Rxd8 Kxd8 25. Kf2 Kc7 26. Ke2 Kc6 27. Kd2 Kc5 28. Nd1 Nd5 29. g3 Kd4 30. Nc3 Nxc3 31. bxc3+ Ke4 32. Ke2 h5 33. h3 h4 34. f5 exf5 35. gxh4 a5 36. Kf2 Kxe5 37. Kf3 g6 38. Ke3 f4+ 39. Kf3 f5 40. h5 gxh5 0-1